[Event "Astrakhan FIDE GP"]
[Site "Astrakhan"]
[Date "2010.05.19"]
[Round "9"]
[White "Radjabov, Teimour"]
[Black "Eljanov, Pavel"]
[Result "0-1"]
[WhiteElo "2740"]
[BlackElo "2751"]
[Annotator "Eljanov,P"]
[PlyCount "112"]
[EventDate "2010.05.10"]
[EventType "tourn"]
[EventRounds "13"]
[EventCountry "RUS"]
[EventCategory "20"]
[SourceTitle "CBM 137"]
[Source "ChessBase"]
[SourceDate "2010.07.15"]
[SourceVersion "1"]
[SourceVersionDate "2010.07.15"]
[SourceQuality "1"]

1. d4 Nf6 2. c4 e6 3. Nf3 d5 4. Nc3 Bb4 5. cxd5 exd5 6. Bg5 h6 7. Bh4 c5 8. e3
c4 $5 {A rather rare opening variation. I learned it when Alexander Morozevich
tried it successfully against... me in the Tal Memorial (blitz).} 9. Nd2 ({
One week later Sasha Moiseenko played} 9. Be2 g5 10. Bg3 Ne4 11. Rc1 Bxc3+ 12.
bxc3 Qa5 13. O-O {and here I had prepared a novelty:} O-O $5 $146 14. Qc2 Bf5
15. Qb2 Qb6 {0-1 Moiseenko,A (2669)-Eljanov,P (2751)/Odessa UKR 2010 (56).
Black is ok.}) 9... g5 10. Bg3 Bf5 11. Be5 ({Against Moro I played} 11. Be2 O-O
12. O-O Re8 13. a3 Bxc3 14. bxc3 Nc6 15. Re1 b5 {but Black obviously is ok
here:} 16. Bf1 Bg6 17. f3 a5 18. e4 dxe4 19. fxe4 Nxe4 20. Nxe4 Rxe4 21. Rxe4
Bxe4 22. Qh5 Nxd4 23. Re1 Bg6 24. Qg4 Nf5 25. Bf2 a4 26. Rd1 Qe7 27. Qf3 Rd8
28. Rxd8+ Qxd8 29. Qc6 Nd6 30. Bg3 Ne4 31. Qxb5 Qe7 {0-1 Eljanov,P (2716)
-Morozevich,A (2788)/ Moscow 2008/CBM 126 Extra}) ({Possible is also the
principled} 11. h4 {however it is very hard to judge, what is the strongest as
the position is rather complicated; both sides have their trumps.}) 11... Bxc3
(11... Nbd7 $2 12. Bxf6 Qxf6 13. Nxd5) 12. bxc3 Nbd7 13. Bd6 Qb6 14. Bg3 {
A novelty but it does not look very logical.} (14. Ba3 {I think here Black has
also good counterplay, but with queens on the board White has more chances to
attack the black king.} Qa6 15. Bb4 Qe6 16. a4 Ne4 (16... a5 $5) 17. a5 g4 18.
Be2 Ndf6 19. Nf1 O-O-O 20. f3 Ng5 21. h4 gxh3 22. g4 Bd3 23. a6 b6 24. Bxd3
cxd3 25. Kf2 h5 26. gxh5 Qf5 27. Nh2 Nge4+ 28. Ke1 Qg5 29. fxe4 Qxe3+ 30. Kf1
Nxe4 {[%emt 0:00:05] 0-1 Gauglitz,G (2465)-Dizdar,G (2500)/Halle 1987/ CBM})
14... Qb2 $1 {Not the only move, but it's obvious, that Black is very much ok
after the queen swap.} 15. Qc1 Qxc1+ 16. Rxc1 b5 {Anyway it's necessary as
after} (16... O-O 17. f3 Rfe8 18. Kf2 Re6 {White has} 19. e4 $1) 17. f3 O-O 18.
Kf2 Rfe8 19. a4 a6 $1 (19... bxa4 20. e4 dxe4 21. Nxc4 {at least is not worse.}
) 20. Be2 Re6 21. Rhe1 Nb6 (21... Rae8 $1 {looks like a bit more precise:} 22.
Nf1 ({Possibly I was afraid of} 22. Bd1 Bd3 23. Ra1 {but here I have the very
strong knight transfer} Nb8 $1 24. axb5 axb5 25. Ra8 Nc6 {where the b4-threat
is rather annoying for White.}) 22... Nb6 23. axb5 axb5 24. Ra1 Na4 $15) 22.
axb5 axb5 23. Ra1 Na4 24. Ra3 Bg6 25. Bf1 Nd7 $5 ({I didn't see anything
special after} 25... Rae8 26. h4 Nb2 27. hxg5 hxg5 28. Rea1 Bd3 (28... Rxe3 29.
Be5) (28... Nd3+ 29. Bxd3 Bxd3 30. Re1 Rb6 31. Rh1 $132) 29. Be5 Nd7 30. Bc7
$132) 26. h4 $6 (26. e4 $1 {was better:} f5 {and here White has some choice}
27. exd5 {looks dangerous, but I did not find anything real here for White:} (
27. exf5 Rxe1 28. Kxe1 Bxf5 {Black is just better}) ({Also interesting is} 27.
Rb1 $5 Rb6 (27... dxe4 28. fxe4 f4 29. Rxb5 fxg3+ 30. Kxg3 $36) (27... fxe4 28.
fxe4 dxe4 29. Ke3 $1 Nf6 30. Rxb5 Ng4+ 31. Ke2 e3 32. Nxc4 Nxh2 33. Bxh2 Nxc3+
34. Rxc3 Bh5+ 35. Kd3 Bg6+ $11) 28. exf5 Bxf5 29. Rb4 $13) 27... Rxe1 28. Kxe1
f4 29. Bf2 Re8+ 30. Be2 Nf6 31. d6 Bd3 32. Ne4 Nxe4 33. fxe4 Bxe4 34. g3 f3 35.
d7 Rd8 36. Bxc4+ bxc4 37. Rxa4 Rxd7 38. Rxc4 Ra7 39. Rc5 Ra1+ 40. Kd2 Ra2+ 41.
Ke1) 26... f5 27. hxg5 hxg5 28. f4 g4 $1 {This is the case where a human move
is stronger than the first line of engines (from a practical point of view -
obviously).} (28... Nf6 {this is it} 29. fxg5 (29. Be2 {also possible}) 29...
Ng4+ 30. Kg1 Rxe3 31. Rxe3 Nxe3 32. Nf3 {I saw this line during the game, but
refused to play it. Human logic is simple: White has a good square on e5, the
position is opened (two bishops!) and the pawn on g5 could be powerful in the
future. The only way to choose this line is to calculate all lines till the
big advantage. But I didn't see anything special even with the help of my
silicon friend.} Re8 (32... f4) (32... Bh5) (32... Be8)) 29. Rb1 Ra5 30. Be2
Rea6 31. Bh4 (31. Rba1 Nb8 $1 (31... Kf7 32. e4 $1 fxe4 33. Nf1 $132) (31...
Nf6 32. Bh4 Kg7 33. Bd1 Nxc3 $5 34. Bxf6+ Kxf6 35. Rxa5 Nxd1+ 36. Ke2 Nc3+ 37.
Ke1 Rxa5 38. Rxa5 Be8 {White should hold it} 39. Ra6+ Ke7 40. Rb6 Bd7 41. Nf1
Ne4 42. Nd2) 32. e4 (32. Bh4 Nc6 $17) 32... Nc6 33. exd5 Nb6 34. dxc6 (34. Rxa5
Rxa5 35. Rxa5 Nxa5 36. d6 Nb7 {despite the rook swap Black is better as White
has just no space} 37. d7 Nxd7 38. Kg1 Nb6) 34... Rxa3 35. Rb1 Be8 36. Rxb5
Rxc3 37. Rxf5 Rc2 $17) 31... Nab6 32. Rxa5 Rxa5 33. Bd8 {Probably it's just
losing tempi.} ({However} 33. Nf1 Na4 34. Ra1 Nb8 35. Ng3 Nc6 36. Ra3 Kf7 {
White is struggling.}) 33... Be8 $1 34. Ke1 Ra8 35. Be7 $2 {The decisive
mistake.} (35. Bg5 Nb8 36. Bd1 Ra3 37. Rc1 Nc6 $17) ({It was necessary to
prevent the penetration of Black's rook:} 35. Bc7 Na4 36. Ra1 Nf6 37. Ra3 Ra7
38. Be5 Kf7 39. Bd1 Ke6 {and White is worse but still in the game.}) 35... Kf7
36. Bb4 Ra2 {Now it's too late.} 37. Bd1 Ke6 38. Rc1 Nb8 $1 39. Rc2 Ra1 40. Rb2
Na6 41. Rb1 Ra2 42. g3 {Losing by force, but it's anyway a question of time.} (
42. Be2 Nxb4 43. cxb4 Na4 $19) 42... Nd7 43. Be2 Nxb4 44. Rxb4 Nf6 45. Kd1 Ra1+
46. Rb1 Rxb1+ 47. Nxb1 Ne4 48. Bf1 Nxg3 49. Bg2 Ne4 50. Ke2 Kd6 51. Bxe4 dxe4
52. Na3 Kc6 53. Nc2 Kb6 54. Kf2 Ka5 55. Kg3 Ka4 56. d5 Bd7 0-1

[Event "Astrakhan FIDE GP"]
[Site "Astrakhan"]
[Date "2010.05.21"]
[Round "10"]
[White "Akopian, Vladimir Eduardovic"]
[Black "Radjabov, Teimour"]
[Result "0-1"]
[WhiteElo "2694"]
[BlackElo "2740"]
[Annotator "Radjabov,T"]
[PlyCount "80"]
[EventDate "2010.05.10"]
[EventType "tourn"]
[EventRounds "13"]
[EventCountry "RUS"]
[EventCategory "20"]
[SourceTitle "CBM 137"]
[Source "ChessBase"]
[SourceDate "2010.07.15"]
[SourceVersion "1"]
[SourceVersionDate "2010.07.15"]
[SourceQuality "1"]

{OK before this game, I had let myself fall into somewhat unpleasant shape,
with -1 and only 4 rounds to go, so there was no question as to whether I had
to play solidly or aggressively.} 1. e4 c5 2. Nf3 Nc6 3. d4 cxd4 4. Nxd4 e5 5.
Nb5 d6 6. c4 Be7 7. N1c3 a6 8. Na3 f5 9. exf5 Bxf5 10. Bd3 {It's all theory,
nothing special to comment on. Many games have been played and there is no
clear verdict about the line.} Be6 11. O-O Nf6 12. Nc2 Qd7 {I went 0-0 vs
Kamsky, which is also playable.} 13. Bg5 O-O 14. Bxf6 gxf6 {Now the weakness
of the d5-square is somewhat compensated for by Black's pawn mass. Akopian now
tries to regroup his pieces and put them on the best possible squares, but it
doesnt work well somehow.} 15. Ne3 f5 16. Ned5 Bd8 {Very logical, the bishop
now has few ways to advance its career, Ba5 or somewhere Qg7-Bg5 some times;
also after e5-e4 the bishop might come to the f6-square and there is no really
easy life for White in the following complications. Now White makes a few
logical moves and finishes in a very unpleasant position.} 17. Qh5 Qg7 {
Protecting the king's flank and preparing e5-e4.} 18. Rad1 Kh8 {18...e4 was
already possible, but ...Kh8 as a prophylaxis doesn't actaully spoil anything.}
19. Kh1 Rc8 (19... Nd4 $5 20. f3 b5 {with considerable pressure on both flanks
and in the centre.}) 20. f3 Ba5 {Well, I am not sure, if it's the best square,
but at least Rg8, Rcf8 is in the air and White has to do something.} 21. Ne2 $6
(21. Qh4 b5 $5 {Even ...Bxc3 if possible, if White takes with the knight, then
Rf6-h6 and Rc8-g8 with f4-e4 and rest of the party entering the disco room via
e5-g4 route.}) 21... e4 $2 {Impulsive somehow. I had to play ...Nb4 of course}
(21... Nb4 $1 22. Nxb4 Bxb4 {and Black is indeed better.}) (21... Rg8 $5 22. g3
Rcf8 {and whatever the computer thinks here, I prefer Black.}) 22. Bb1 {
Here I realised, what I had doneo, ...Qxb2 that was planned with the idea:}
exf3 (22... Qxb2 23. Nef4 Bf7 {just doesn't work due to the simple} 24. Qh4 {
and now after} Bd8 25. Qh3 $3 {after realising, that this really kills the fun,
I could only blame myself for such a fast and impulsive e5-e4. But ok, the
game didn't finish there, so I found an interesting resource.}) 23. gxf3 Qf7 $1
{At this point Vladimir had around 20 minutes for the rest of the game. So he
didn't want to spend much time on 24.Qh6, which is objectively best. After it
Black has to go for:} (23... Ne5 24. b3 $14) 24. Qxf7 $2 (24. Qh6 Rce8 25. Nef4
Ne5 {and well even if White is objectively better, he has to prove his chances
in a long fight. Anyway, Qh6 was the best move of course.}) 24... Rxf7 25. b3
Bd7 {Regrouping to attack the f3-square. Now it's not so clear, what White has
to do, either keep his pieces in the same positions, then Black will regroup
or do something active, which is also unclear and not that visible. Without a
clear plan and time running out, Akopian decides to go for:} 26. Ndf4 Bb4 $1
27. Nd5 Bc5 $1 {Of course! A draw after ...Ba5 is possible, but the bishop
here stands perfectly and Black now starts playing for a win directly.} 28. f4
$6 {Trying to do it brutally, White misses the clearance of the diagonal and
Black's next plan.} (28. Nec3 {This was interesting in order to follow with
Na4-b6 but...} Bd4 29. Na4 Re8 30. Nab6 Be6 31. Rfe1 Ne5 $5 {with the
initiative for Black.}) 28... Ne7 $1 29. Ng3 Bc6 $5 (29... Nxd5 30. cxd5 Rg8 {
also looks good, but I am not sure about any progress, that Black can produce
in the future.}) 30. Kg2 Rg8 {Now at least it all looks scary for White and he
has to be iron-nerved to keep the position. Which is impossible here for a
human, I guess.} 31. Rfe1 Rg4 $1 {A finesse that secures the advantage. White
is in real trouble.} 32. h3 (32. Kh3 {was planned by White I guess, but now}
Ng6 $1 33. Bxf5 (33. Nxf5 h5 $1 $19 {and we are right in chess problem solving
territory. White's king is going to be mated with all the pieces on the board.}
) 33... Rh4+ 34. Kg2 Nxf4+ 35. Kh1 Bf2 $19) 32... Rxf4 33. Rf1 {The rest is
pure technique, nothing to add, just few small things.} Rxf1 34. Kxf1 Nxd5 35.
cxd5 Bd7 36. Nh1 Rg7 (36... f4 $5 37. Nf2 Rg7 $19) 37. Nf2 Rg3 (37... f4 38.
Ng4 f3 39. Be4 h5 $19) 38. Nd3 Be3 39. Ke2 f4 40. Ne1 Rxh3 {And here White
resigned, two bishops in the endgame and 2 pawns up are enough to be clearly
winning for Black without further technical difficulties.} 0-1

[Event "Astrakhan FIDE GP"]
[Site "Astrakhan"]
[Date "2010.05.23"]
[Round "12"]
[White "Gashimov, Vugar"]
[Black "Radjabov, Teimour"]
[Result "1/2-1/2"]
[WhiteElo "2734"]
[BlackElo "2740"]
[Annotator "Erenburg,S"]
[PlyCount "92"]
[EventDate "2010.05.10"]
[EventType "tourn"]
[EventRounds "13"]
[EventCountry "RUS"]
[EventCategory "20"]
[SourceTitle "CBM 137"]
[Source "ChessBase"]
[SourceDate "2010.07.15"]
[SourceVersion "1"]
[SourceVersionDate "2010.07.15"]
[SourceQuality "1"]

1. e4 c5 2. Nc3 Nc6 3. Bb5 Nd4 {The reason Black does not play 3...g6 is, that
White can take on c6 and then play f2-f4, since White's kingside knight is
still undeveloped. This plays in White's favour in comparison to B31 - 1.e4 c5
2.Nf3 Nc6 3.Bb5 g6.} 4. Bc4 g6 5. Nf3 Bg7 6. Nxd4 cxd4 7. Qf3 Nh6 {Keeping the
d4-pawn protected. Practice has shown that other moves do not grant Black
equality:} (7... e6 8. Nb5 d6 (8... Be5 9. c3 dxc3 10. d4 a6 11. dxe5 axb5 12.
Bb3 Ne7 13. bxc3 $16 {1-0 Onoprienko,V (2403)-Kononenko,D (2449)/Alushta 2003/
CBM 096 ext (32)}) 9. Qa3 Ke7 10. c3 d3 11. Bxd3 $18 {1-0 Ramirez Alvarez,A 
(2516)-Gonzalez,B (2420)/San Jose 2004/CBM 102 ext (55)}) (7... Nf6 8. Nb5 O-O
{A sacrifice for development in the style of R. Spielmann, Ein
Entwicklungsopfer nach R. Spielmann.} 9. Nxd4 d5 10. exd5 e5 11. Ne2 Bg4 12.
Qg3 {No active moves when behind in development. White tries to stabilise the
position as quickly as possible. Keine aktiven Züge bei rückständiger
Entwicklung. Weiß versucht möglichst rasch die Stellung zu stabilisieren.} (12.
Qb3 Rc8 $1 13. f3 Bd7) 12... Rc8 13. d3 b5 14. Bb3 Bxe2 15. Kxe2 Nxd5 16. Re1
$14 {1-0 Ibragimov,I (2605)-Real de Azua,E (2386)/Buenos Aires 2005/CBM 109 
(34) White has a stable position and an extra pawn. His only weakness, on c2,
can be defended, e.g. Weiß verfügt über eine stabile Stellung und einen
Mehrbauern. Die einzige Schwäche auf c2 ist verteidigungsfähig, z.B.}) 8. Ne2 {
White's aggressive opening strategy forced Black to develop the kingside
knight to h6. Now Black's main challenges are to get the knight back into the
game and save his central pawn.} ({White did not get anything special after} 8.
d3 O-O 9. Ne2 Ng4 10. Bb3 d6 11. h3 Ne5 12. Qg3 a5 13. a4 Nd7 14. h4 Nc5 15.
Ba2 Be6 (15... Nxa4 16. h5 $40) 16. Bxe6 Nxe6 17. h5 Qc8 18. hxg6 fxg6 19. Qh3
Kf7 20. Kd1 Qc5 $13 {1-0 Nevednichy,V (2560)-Durarbeyli,V (2487)/Sarajevo BIH
2010/The Week in Chess 810 (40)}) 8... d6 $5 (8... O-O {seems to me safer.} 9.
c3 dxc3 10. dxc3 d6 11. h3 Qc7 12. Bb3 {Black's knight is still misplaced. So,
he has to play} Be6 13. Bxe6 fxe6 14. Qd3 e5 $6 (14... Nf7 $142) 15. Be3 Nf7
16. h4 $14 {1-0 Perunovic,M (2589)-Stamenkovic,D (2412)/Subotica 2008/CBM 126
Extra (33)}) 9. d3 {[%cal Gc1h6]} O-O {[%cal Yh6g4] Sacrificing his central
pawn.} (9... Bg4 {is not good enough, because of} 10. Qg3 (10. Bxf7+ $5 Nxf7 (
10... Kf8 11. Qg3 Kxf7 (11... Bxe2 12. Bb3 Bh5 13. Qf4+ $16) 12. Bxh6 Bxe2 13.
Qf4+ Kg8 14. Kxe2 $16) 11. Qxg4 Qc7 12. O-O Qxc2 13. Nf4 $14) 10... Bxe2 11.
Kxe2 Qd7 12. a4 a6 13. Re1 Ng4 14. Qh3 Ne5 15. Qxd7+ Kxd7 16. Bb3 $14 {1/2-1/2
Ibarra Chami,L (2379)-Almeida Saenz,A (2419)/Mexico City 2008/EXT 2009 (45)})
10. Nxd4 $5 {Surprisingly, in the preceding games, most White players
preferred not to take the pawn. In my opinion, this is the only way to fight
for the opening advantage.} (10. h3 {does not seem to promise much:} Be6 11.
Bxh6 Bxh6 12. Bxe6 fxe6 (12... Qa5+ 13. c3 dxc3 14. bxc3 (14. b4 Qxb4 15. Bb3
c2+ 16. Kf1 Qa3 17. Bxc2 Qb2 $19) 14... fxe6 15. Qg4 Rf6 16. O-O Raf8 $132) 13.
Qg4 e5 14. Qe6+ Kg7 15. O-O Rf6 16. Qb3 Qd7 17. c3 dxc3 18. bxc3 Qc6 $11 {
1-0 Petrosian,T (2324)-Grachev,B (2489)/Heraklio 2002/CBM 091 ext (51)}) (10.
Qg3 $5 Kh8 $2 {preparing the f7-f5 advance. However, it only helps White's
attack.} (10... Ng4 $142 $5 {[%cal Yg4e5]} 11. Bb3 Bd7 $11) 11. h4 $1 (11. Nxd4
Bxd4 12. Bxh6 Bxb2 $11) 11... f6 (11... f5 {is now met by} 12. h5) 12. h5 $18 {
1-0 Hou,Y (2557)-Georgescu,T (2442)/Gaziantep 2008/CBM 125 Extra (30)}) 10...
Ng4 (10... Bxd4 {is now impossible.} 11. Bxh6 Bxb2 12. Bxf8) 11. c3 $1 $146 {
White saves an extra pawn and blocks the opponent's dark-squared bishop. This
is a significant improvement in comparison to} (11. Nb5 Ne5 12. Qe3 (12. Qe2
Nxc4 13. dxc4 Be6 14. O-O Rc8 15. Na3 Qc7 $11) 12... Nxc4 13. dxc4 Be6 14. Na3
Qc7 15. O-O Bxc4 16. Nxc4 Qxc4 $15 {1/2-1/2 Priya Panneer,R (2131)-Anuprita,P 
(2081)/Bikaner 2004/CBM 104 ext (31)}) 11... Ne5 12. Qe2 Nxc4 13. dxc4 e5 $1 {
This is the only way to create counterplay on the kingside. Black fixes
White's e4-pawn, which helps him to push the f-pawn forward.} 14. Nf3 (14. Nc2
f5 15. Nb4 Qh4 $44) 14... f5 15. O-O b6 $1 {Preparing the long diagonal for
the light-squared bishop.} 16. Rd1 Bb7 17. Ng5 $1 {This gives White time to
play f2-f3.} Qe7 $1 (17... Qf6 $6 {allowed White to carry out the following
tactical trick:} 18. c5 $1 bxc5 (18... dxc5 19. Rd7 Bxe4 20. Qc4+ Kh8 21. Nf7+
$16) 19. Qc4+ Kh8 20. Ne6 Qf7 21. b3 $16) 18. f3 {White has to limit the
possibilities of Black's light-squared bishop.} ({Otherwise, after} 18. exf5 $2
gxf5 {[%cal Yb7g2,Yg8h8,Yf8g8,Gg8g2] Black's initiative on the kingside would
become very dangerous.}) 18... f4 {In some sense, this position is similar to
the King's Indian, where Radjabov is the greatest expert. The major difference
is that Black is a pawn down, but his plan is the same: attack on the kingside.
} 19. Nh3 g5 20. Nf2 Rf6 {Another typical maneouvre for the King's Indian: the
rook is moved to g6, from where it protects the d6-pawn and supports the
advance of the g-pawn.} 21. a4 {[%cal Ya4a5]} a5 22. b3 {[%csl Rd6][%cal Gc1a3]
Preparing to attack Black's only weakness from a3.} Bf8 23. Ba3 $14 {Despite
White's material advantage, the position is not that clear. White has to be
beware of Black's attack on the kingside, because of which White's queen and
knight are "bound" to the e2- and f2-squares respectively. In addition, Black
has only one weakness and the position is relatively closed, which makes very
difficult for White to find a plan to improve his position.} Qg7 {Clearly,
Black is going to carry out the g5-g4 advance at some point.} 24. Rd3 Re8 25.
Kf1 {Moving away the king from the danger area.} h5 {[%cal Gg5g4]} 26. h3 Rh6 {
[%cal Ye8e6,Ye6g6]} 27. Ke1 Ree6 28. Kd2 Reg6 29. Rg1 $6 {White is trying to
prevent Black's g5-g4 advance by pushing his g-pawn to g4.} ({Probably, it was
better first to move the king to a safer position with} 29. Kc2 Bc8 {and then
try to improve his position with} 30. Rad1 $1 g4 31. hxg4 hxg4 32. R3d2 $1 {
[%cal Ye2d3]} g3 $14 (32... Rh2 33. Qd3 Rxg2 (33... g3 34. Ng4 Bxg4 35. fxg4
Qd7 36. c5 $16) 34. Nxg4 Rxd2+ 35. Rxd2 Bxg4 36. fxg4 Qd7 37. c5 $14)) 29...
Bc8 {Everything is ready for the breakthrough.} 30. g4 (30. Kc2 g4 31. hxg4
hxg4 32. fxg4 (32. Rgd1 Rh2 {now White is one tempo short.}) 32... Bxg4 33.
Nxg4 Rxg4 34. Rd2 Rh2 $11 {and apparently, White does not have any plan to
improve his position.}) 30... fxg3 31. Rxg3 {[%cal Ye2e3,Ge3b6,Ge3g5]} d5 $3 {
Suddenly, all Black's pieces become active, whereas White's king is still in
the centre.} 32. Bxf8 (32. Rxd5 $2 Bxa3 33. Rd8+ Kh7 34. Rxc8 Qd7+ $19) 32...
Qxf8 {[%cal Yf8f4]} 33. Qe3 {Covering the f4-square and attacking the g5-pawn.}
dxc4 34. bxc4 Be6 $1 {Simple and strong. Black's bishop is back!} (34... Qe7
35. Rd5 Bb7 36. Nd3 $1 Bxd5 37. exd5 $16) (34... g4 35. hxg4 hxg4 36. fxg4 (36.
Kc2 Qa3 $11) 36... Rh2 37. Ke1 $16) 35. Rxg5 Bxc4 36. Rd7 Qe8 $1 {Driving away
the rook from the d-file. With a series of precise moves, Radjabov saves the
game.} (36... Qa3 37. Nd3 Qa2+ 38. Ke1 Qa1+ 39. Nc1 $16) 37. Rd6 Kh7 $1 38.
Rgxg6 ({Probably only} 38. Rdxg6 Rxg6 39. Ke1 $1 {kept winning chances for
White.} ({White can not grab another pawn, since in this case White's rook is
in "offside".} 39. Rxh5+ Kg7 $132 {[%cal Gg6d6]}) 39... Rxg5 (39... Qxa4 40.
Rxh5+ Kg7 41. Ng4 $16) 40. Qxg5 Qg6 41. Qxg6+ (41. Qh4 Qg1+ 42. Kd2 Kg6 43. f4
exf4 44. Qxf4 Qg5 $11) 41... Kxg6 42. h4 Bb3 (42... b5 43. axb5 Bxb5 44. Kd2
Kf6 45. Nh1 $1 $14) 43. Nd3 Kf6 44. Nb2 $14) 38... Rxg6 $11 {White has too
many weaknesses, so the extra pawn is not that significant in this position.}
39. Qxb6 (39. Rxg6 {gives White nothing special:} Qxg6 40. Nd3 Bxd3 $1 41. Qxd3
(41. Kxd3 Qe6 $11) 41... Qg2+ $11) 39... Qxa4 $1 {The perpetual check is now
inevitable. I believe that Black calculated up to this point when he played 31.
..d5!} 40. Rxg6 (40. Qb7+ $2 Rg7 41. Qb2 Rd7 $15) 40... Qa2+ 41. Kc1 Qa1+ 42.
Kc2 Qa4+ (42... Qa2+ {gave White some chances:} 43. Qb2 $14) 43. Kb2 Qa2+ 44.
Kc1 Qa1+ 45. Kc2 Qa4+ 46. Kc1 Qa1+ {A very interesting, creative and nearly
flawless game by two Azeri super grandmasters!} 1/2-1/2